Statistiche per Città della Regione Pokémon di Galar nella Mappa

Clicka qui per fare il quiz!

Statistiche generali

  • Questo quiz è stato fatto 38 volte
  • Il punteggio medio è 7 su 12

Risposte nella Mappa

Le risposte nella mappa del quiz sottostante sono codificate secondo una scala di colori dal rosso al verde in base alla % di persone che hanno risposto correttamente.
 

Statistiche sulle risposte

Risposta% Corretto
Goalwick
69%
Torre Lotta
69%
Piquedilly
65%
Brassbury
62%
Spikeville
58%
Keelford
54%
Knuckleburgh
54%
Steamington
50%
Furlongham
46%
Turffield
46%
Latermore
42%
Circhester
38%

Distribuzione punteggi

Percentile per numero di risposta

Percentuale di utenti per punteggio

I tuoi punteggi nel tempo

Non hai fatto questo quiz